Mathematical analysis (Record no. 543736)

000 -LEADER
fixed length control field 00529cam a2200157 4500
082 ## - DEWEY DECIMAL CLASSIFICATION NUMBER
Classification number 515
Author Mark APO
-- L-2 , P-24
100 1# - MAIN ENTRY--PERSONAL NAME
Personal name Apostol, Tom M.
9 (RLIN) 8806
245 00 - TITLE STATEMENT
Title Mathematical analysis
Remainder of title a modern approach to advanced calculus.
Statement of responsibility, etc. [by] Tom M. Apostol.
260 ## - PUBLICATION, DISTRIBUTION, ETC.
Place of publication, distribution, etc. Reading, Mass.,
Name of publisher, distributor, etc. Addison-Wesley Pub. Co.
Date of publication, distribution, etc. [1957]
300 ## - PHYSICAL DESCRIPTION
Extent 553 p.
Other physical details illus.
Dimensions 24 cm.
490 1# - SERIES STATEMENT
Series statement Addison-Wesley mathematics series
526 ## - STUDY PROGRAM INFORMATION NOTE
Program name 0
Interest level 0
Reading level 0
Title point value 515_000000000000000_APO
650 #0 - SUBJECT ADDED ENTRY--TOPICAL TERM
Topical term or geographic name entry element Mathematical analysis.
9 (RLIN) 198
650 #0 - SUBJECT ADDED ENTRY--TOPICAL TERM
Topical term or geographic name entry element MCE
9 (RLIN) 379
942 ## - ADDED ENTRY ELEMENTS (KOHA)
Source of classification or shelving scheme
Koha item type Book
Holdings
Withdrawn status Lost status Source of classification or shelving scheme Damaged status Not for loan Permanent Location Current Location Date acquired Total Checkouts Full call number Barcode Date last seen Price effective from Koha item type
          Military College of Engineering (MCE) Military College of Engineering (MCE) 03/31/2014   515 APO MCE-653 03/31/2014 03/31/2014 Book
© 2023 Central Library, National University of Sciences and Technology. All Rights Reserved.